LEADER 01263nam0-2200409---450 001 990005587240203316 005 20200604182050.0 035 $a000558724 035 $aUSA01000558724 035 $a(ALEPH)000558724USA01 035 $a000558724 100 $a19981214d1987----|||y0itaa50------ba 101 $amul 102 $afr 105 $aj 00||| 200 1 $aCorrespondance$fGottlob Frege, Edmund Husserl$gpostface de Jean-Toussaint Desanti$gtraduit da l'allemand par Gérard Granel 210 $aMauvezin$cTrans-Europ-Repress$d1987 215 $a88 p.$d22 cm 300 $aTesto originale a fronte 606 $aFrege, Gottlob [e] Husserl, Edmund$xLettere$2F 606 $aHusserl, Edmund [e] Frege, Gottlob$xCarteggi$2F 620 $dMAUVEZIN 676 $a193 700 1$aFREGE,$bGottlob$04796 701 1$aHUSSERL,$bEdmund$035554 702 1$aGRANEL,$bGérard 702 1$aDESANTI,$bJean-Toussaint 801 0$aIT$bSA$c20111219 912 $a990005587240203316 950 0$aDipar.to di Filosofia - Salerno$dDFAA 193 FRE$e4599 FIL 951 $aAA 193 FRE$b4599 FIL 959 $aBK 969 $aFIL 979 $c20121027$lUSA01$h1525 979 $c20121027$lUSA01$h1614 996 $aCorrespondance$91132673 997 $aUNISA LEADER 01246nam 2200349 n 450 001 996393427803316 005 20200824121248.0 035 $a(CKB)1000000000681033 035 $a(EEBO)2240890169 035 $a(UnM)99841943e 035 $a(UnM)99841943 035 $a(EXLCZ)991000000000681033 100 $a19910419d1562 uy | 101 0 $aeng 135 $aurbn||||a|bb| 200 02$aA stronge defence of the maryage of pryestes$b[electronic resource] $eagaynste the Pope Eustachians, and Tatanites of our time, made dialogue wise by Iohn Veron, betwixte Robin Papyste, and the true Christian 210 $aImprynted at London $cIn Fletestrete nere to Sainct Dunstons Churche by Thomas Marshe$d[1562?] 215 $a[24], 65 leaves 300 $aPublication date suggested by STC. 300 $aReproduction of the original in the Folger Shakespeare Library. 330 $aeebo-0055 606 $aCelibacy$vEarly works to 1800 615 0$aCelibacy 700 $aVe?ron$b John$fd. 1563.$01004822 801 0$bCu-RivES 801 1$bCu-RivES 801 2$bCStRLIN 801 2$bWaOLN 906 $aBOOK 912 $a996393427803316 996 $aA stronge defence of the maryage of pryestes$92382071 997 $aUNISA